Most Religious Countries - Statistics

General Stats
  • This quiz has been taken 115 times
  • The average score is 3 of 11
Answer Stats
% Country Religion % Correct
99 Yemen Sunni Islam
61%
98 Somalia Sunni Islam
48%
99+ Bangladesh Sunni Islam
39%
99+ Niger Sunni Islam
39%
98 Mauritania Sunni Islam
37%
99 Indonesia Sunni Islam
36%
99+ Ethiopia Orthodox Christianity
26%
99 Sri Lanka Buddhism
22%
98 Djibouti Sunni Islam
21%
99 Malawi Protestant Christianity
4%
98 Burundi Catholicism
2%
No matching quizzes found
Score Distribution
Percent of People with Each Score
Percentile by Number Answered
Your Score History
You have not taken this quiz